| 000 | 00529cam a22002051 4500 | ||
|---|---|---|---|
| 001 | sa 68005435 | ||
| 003 | DLC | ||
| 005 | 20260227112509.0 | ||
| 008 | 710915s1966 ii 00000 eng | ||
| 010 | _asa 68005435 //r88 | ||
| 025 | _aPL480:I-E-7538 | ||
| 050 | 0 |
_aPN1994 _b.G63 |
|
| 082 | _a791.43/09 | ||
| 100 | 1 | 0 | _aGoyal, Trishla. |
| 245 | 1 | 4 | _aThe marketing of films. |
| 260 | 0 |
_aCalcutta, _bIntertrade Publications (India) _c[1966?] |
|
| 300 |
_aviii, 545 p. _c22 cm. |
||
| 350 | _aRs65 | ||
| 650 | 0 | _aMotion pictures. | |
| 999 |
_c80740 _d80740 |
||